Matemática Mental - Multiplicación - Estadísticas

Estadísticas generales
  • Esta prueba ha sido intentada 1.708 veces
  • La puntuación promedio es 7 de 10
Estadísticas de respuestas
Cálculo Responder % Correcto
2 x 7 14
88%
30 x 3 90
87%
1 x 2 2
85%
5 x 8 40
84%
7 x 8 56
84%
4 x 3 12
83%
9 x 1 9
83%
9 x 3 27
82%
8 x 10 80
82%
6 x 3 18
81%
7 x 5 35
81%
1 x 13 13
80%
15 x 3 45
80%
2 x 5 10
78%
5 x 6 30
78%
20 x 6 120
77%
9 x 4 36
77%
13 x 3 39
77%
10 x 14 140
76%
11 x 10 110
75%
6 x 9 54
75%
17 x 2 34
74%
0.5 x 4 2
72%
7 x 9 63
72%
12 x 8 96
67%
6 x 2.5 15
60%
16 x 5 80
60%
5 x 13 65
59%
5 x 17 85
52%
3 x 2 6
0%
No se encontraron pruebas coincidentes
Distribución de puntuación
Porcentaje de gente con cada puntuación
Porcentaje por número respondido
Historial de tus puntuaciones
No has intentado esta prueba.